S26 駅名クイズ - 高松琴平電気鉄道 ver. - Statistics

General Stats
  • This quiz has been taken 70 times
    63 since last reset
  • The average score is 31 of 57
Answer Stats
Number Answer % Correct
K00 高松築港
95%
K02 瓦町
95%
N00 高松築港
95%
N02 瓦町
95%
N17 長尾
95%
S00 瓦町
95%
K21 琴電琴平
88%
K03 栗林公園
83%
S15 琴電志度
81%
K01 片原町
76%
N01 片原町
76%
K06 仏生山
71%
S06 琴電屋島
71%
K08 一宮
69%
K07 空港通り
64%
K15 滝宮
62%
N12 平木
62%
S07 古高松
62%
S08 八栗
62%
K14 綾川
60%
K05 太田
55%
S02 松島二丁目
55%
N05 木太東口
52%
K04A 伏石
50%
K11 挿頭丘
50%
N11 農学部前
50%
S03 沖松島
50%
K04 三条
48%
K10 岡本
48%
N13 学園通り
48%
K09 円座
45%
N03 花園
45%
S14
45%
N14 白山
43%
N15 井戸
43%
S11 八栗新道
43%
N04 林道
40%
N06 元山
40%
N09 高田
40%
S05 潟元
40%
S10 大町
40%
K13
38%
K18 岡田
38%
N07 水田
38%
N16 公文明
38%
S09 六万寺
38%
S12 塩屋
38%
S13 房前
36%
K16 羽床
33%
K17 栗熊
33%
N10 池戸
33%
N08 西前田
31%
S01 今橋
31%
S04 春日川
31%
K12 畑田
29%
K19 羽間
29%
K20 榎井
29%
No matching quizzes found
Score Distribution
Percent of People with Each Score
Percentile by Number Answered
Your Score History
You have not taken this quiz since the last reset